Residential and regeneration (Record no. 78728)
[ view plain ]
| 000 -LEADER | |
|---|---|
| fixed length control field | 00860cab a22002175a 4500 |
| 001 - CONTROL NUMBER | |
| control field | L137860 |
| 008 - FIXED-LENGTH DATA ELEMENTS--GENERAL INFORMATION | |
| fixed length control field | 070502e20070427xxkdo f 000 0 eng d |
| 035 ## - SYSTEM CONTROL NUMBER | |
| System control number | (Sirsi) u137860 |
| 041 0# - LANGUAGE CODE | |
| Language code of text/sound track or separate title | eng |
| 100 1# - MAIN ENTRY--PERSONAL NAME | |
| Personal name | McAllister, Sean |
| 245 00 - TITLE STATEMENT | |
| Title | Residential and regeneration |
| 260 ## - PUBLICATION, DISTRIBUTION, ETC. | |
| Date of publication, distribution, etc. | 2007 |
| 490 ## - SERIES STATEMENT | |
| Series statement | Property Week |
| Volume/sequential designation | 72(19) 27 April 2007, 91-99(6) |
| 520 ## - SUMMARY, ETC. | |
| Summary, etc. | Discusses Frontier Estates' new residential company, Frontier Homes. Examines why investors are staying away from residential investment despite positive figures in the IPD index. Notes that the North West's housing market is vulnerable to interest rate rises. Includes a directory of land and sites. |
| 590 ## - LOCAL NOTE (RLIN) | |
| Local note | KA |
| 651 #4 - SUBJECT ADDED ENTRY--GEOGRAPHIC NAME | |
| Geographic name | GREAT BRITAIN |
| 690 ## - LOCAL SUBJECT ADDED ENTRY--TOPICAL TERM (OCLC, RLIN) | |
| Topical term or geographic name as entry element | PROPERTY-RESIDENTIAL PROPERTY-RESIDENTIAL PROPERTY MARKET |
| 700 1# - ADDED ENTRY--PERSONAL NAME | |
| Personal name | Lawson, David |
| 700 1# - ADDED ENTRY--PERSONAL NAME | |
| Personal name | Percival, Phil |
| 942 ## - ADDED ENTRY ELEMENTS (KOHA) | |
| Suppress in OPAC | 0 |
| Withdrawn status | Lost status | Source of classification or shelving scheme | Damaged status | Not for loan | Home library | Current library | Shelving location | Date acquired | Total Checkouts | Full call number | Barcode | Date last seen | Copy number | Price effective from | Koha item type |
|---|---|---|---|---|---|---|---|---|---|---|---|---|---|---|---|
| Dewey Decimal Classification | London | London | Journal article | 02/05/2007 | L137860 | 137860-1001 | 06/08/2019 | 1 | 06/08/2019 | Journal article |